Ahmed Mash: Snehopaharam: (Record no. 227557)
[ view plain ]
| 000 -LEADER | |
|---|---|
| fixed length control field | 00787nam a22002057a 4500 |
| 005 - DATE AND TIME OF LATEST TRANSACTION | |
| control field | 20240430093257.0 |
| 008 - FIXED-LENGTH DATA ELEMENTS--GENERAL INFORMATION | |
| fixed length control field | 230617b ||||| |||| 00| 0 eng d |
| 040 ## - CATALOGING SOURCE | |
| Transcribing agency | AL |
| 041 ## - LANGUAGE CODE | |
| Language code of text/sound track or separate title | mal |
| 082 ## - DEWEY DECIMAL CLASSIFICATION NUMBER | |
| Edition number | 23 |
| Classification number | 928M |
| Item number | THAA |
| 100 ## - MAIN ENTRY--PERSONAL NAME | |
| Personal name | Rehman Thayalangadi |
| 100 ## - MAIN ENTRY--PERSONAL NAME | |
| 9 (RLIN) | 162598 |
| 100 ## - MAIN ENTRY--PERSONAL NAME | |
| 9 (RLIN) | 124205 |
| Dates associated with a name | റഹ്മാൻ തായലങ്ങാടി Ed |
| 245 ## - TITLE STATEMENT | |
| Title | Ahmed Mash: Snehopaharam: |
| Remainder of title | ആഹ്മെദ് മാഷ്: സ്നേഹോപഹാരം |
| 260 ## - PUBLICATION, DISTRIBUTION, ETC. | |
| Place of publication, distribution, etc. | Kasaragod |
| Name of publisher, distributor, etc. | K M Ahmed Aadharana Samithi |
| Date of publication, distribution, etc. | 2010 |
| 300 ## - PHYSICAL DESCRIPTION | |
| Extent | 260p. |
| Other physical details | PB |
| Dimensions | 21x13cm. |
| 365 ## - TRADE PRICE | |
| Source of price type code | Malayalam |
| Price amount | 100.00 |
| Currency code | ₹ |
| Unit of pricing | 100.00 |
| 650 ## - SUBJECT ADDED ENTRY--TOPICAL TERM | |
| Topical term or geographic name entry element | Biography: ബിയോഗ്രാഫ്യ് |
| 9 (RLIN) | 124202 |
| 700 ## - ADDED ENTRY--PERSONAL NAME | |
| Personal name | THAYALANGADI (Rehman): തായലങ്ങാടി (റഹ്മാൻ) Ed |
| 9 (RLIN) | 124203 |
| 942 ## - ADDED ENTRY ELEMENTS (KOHA) | |
| Source of classification or shelving scheme | Dewey Decimal Classification |
| Koha item type | Donated Books |
| Withdrawn status | Lost status | Source of classification or shelving scheme | Damaged status | Not for loan | Collection code | Home library | Current library | Date acquired | Total Checkouts | Full call number | Barcode | Date last seen | Price effective from | Koha item type | Public note |
|---|---|---|---|---|---|---|---|---|---|---|---|---|---|---|---|
| Dewey Decimal Classification | Others | St Aloysius Library | St Aloysius Library | 06/10/2023 | 928M THAA | D05779 | 06/17/2023 | 06/17/2023 | Donated Books | Donated by Sara Abubakkar |